Bharatiya sarkar aru rajniti/ (Record no. 11742)
[ view plain ]
| 000 -LEADER | |
|---|---|
| fixed length control field | 00569nam a22002057a 4500 |
| 005 - DATE AND TIME OF LATEST TRANSACTION | |
| control field | 20240220132809.0 |
| 008 - FIXED-LENGTH DATA ELEMENTS--GENERAL INFORMATION | |
| fixed length control field | 240220b ||||| |||| 00| 0 eng d |
| 020 ## - INTERNATIONAL STANDARD BOOK NUMBER | |
| International Standard Book Number | 9789358496192 |
| 040 ## - CATALOGING SOURCE | |
| Original cataloging agency | IN-DiNC |
| Transcribing agency | IN-DiNC |
| 041 ## - LANGUAGE CODE | |
| Language code of sung or spoken text | Assamese |
| 082 ## - DEWEY DECIMAL CLASSIFICATION NUMBER | |
| Classification number | 320.954 |
| Item number | LAH |
| 100 ## - MAIN ENTRY--PERSONAL NAME | |
| Personal name | Lahon, Thaneswar |
| Relator term | Author |
| 245 ## - TITLE STATEMENT | |
| Title | Bharatiya sarkar aru rajniti/ |
| Statement of responsibility, etc. | by Thaneswar Lahon and Deepan Das |
| 250 ## - EDITION STATEMENT | |
| Edition statement | 1st ed. |
| 260 ## - PUBLICATION, DISTRIBUTION, ETC. | |
| Place of publication, distribution, etc. | Dibrugarh: |
| Name of publisher, distributor, etc. | Banalata, |
| Date of publication, distribution, etc. | 2024. |
| 300 ## - PHYSICAL DESCRIPTION | |
| Extent | 360p. |
| 650 ## - SUBJECT ADDED ENTRY--TOPICAL TERM | |
| Topical term or geographic name entry element | Indian government and politics |
| 700 ## - ADDED ENTRY--PERSONAL NAME | |
| Personal name | Das, Deepan |
| Relator term | Author |
| 942 ## - ADDED ENTRY ELEMENTS (KOHA) | |
| Source of classification or shelving scheme | Dewey Decimal Classification |
| Koha item type | Books |
| Withdrawn status | Lost status | Source of classification or shelving scheme | Damaged status | Not for loan | Collection code | Home library | Current library | Shelving location | Date acquired | Cost, normal purchase price | Total Checkouts | Full call number | Barcode | Date due | Date last seen | Date last checked out | Copy number | Price effective from | Koha item type |
|---|---|---|---|---|---|---|---|---|---|---|---|---|---|---|---|---|---|---|---|
| Dewey Decimal Classification | Political Science | Central Library, Naharkatiya College | Central Library, Naharkatiya College | General Stacks | 20/02/2024 | 350.00 | 11 | 320.954 LAH | 29905 | 28/03/2026 | 10/03/2026 | 10/03/2026 | 1 | 20/02/2024 | Books | ||||
| Dewey Decimal Classification | Political Science | Central Library, Naharkatiya College | Central Library, Naharkatiya College | General Stacks | 20/02/2024 | 350.00 | 11 | 320.954 LAH | 29906 | 02/02/2026 | 03/01/2026 | 2 | 20/02/2024 | Books | |||||
| Dewey Decimal Classification | Political Science | Central Library, Naharkatiya College | Central Library, Naharkatiya College | General Stacks | 20/02/2024 | 350.00 | 11 | 320.954 LAH | 29907 | 12/05/2026 | 12/02/2026 | 3 | 20/02/2024 | Books | |||||
| Dewey Decimal Classification | Political Science | Central Library, Naharkatiya College | Central Library, Naharkatiya College | General Stacks | 20/02/2024 | 350.00 | 15 | 320.954 LAH | 29908 | 08/04/2026 | 19/03/2026 | 19/03/2026 | 4 | 20/02/2024 | Books | ||||
| Dewey Decimal Classification | Political Science | Central Library, Naharkatiya College | Central Library, Naharkatiya College | General Stacks | 20/02/2024 | 350.00 | 15 | 320.954 LAH | 29909 | 11/05/2026 | 22/04/2026 | 22/04/2026 | 5 | 20/02/2024 | Books |
